LEADER 01423nam a22003371i 4500 001 991002428649707536 005 20040315123529.0 008 040407s1998 gw a || || ||| ||mul 020 $a3772818641 (v. 2) 035 $ab12921397-39ule_inst 035 $aARCHE-090100$9ExL 040 $aDip.to Filologia Class. e Scienze Filosofiche$bita$cA.t.i. Arché s.c.r.l. Pandora Sicilia s.r.l. 041 0 $agerdum 082 04$a248.29 100 0 $aHadewijch$0485166 245 14$aDas Buch der Visionen /$cHadewijch ; von Gerald Hofmann 260 $aStuttgart-Bad Cannstatt :$bFrommann-Holzboog,$c1998 300 $a2 v. :$bill. ;$c25 cm 440 0$aMystik in Geschichte und Gegenwart.$nAbteilung I,$pChristliche Mystik ;$v12-13 504 $aBibliografia: p. [187]-203. Indici 505 0 $gT. 1. $tEinleitung, Text und Übersetzung /$rvon Gerald Hofmann 505 0 $gT. 2. $tKommentar /$rvon Gerald Hofmann. 650 4$aVita cristiana 700 1 $aHofmann, Gerald 907 $a.b12921397$b02-04-14$c16-04-04 912 $a991002428649707536 945 $aLE007 240 HAD 01.01$cv. 1$g1$i2007000070215$lle007$o-$pE0.00$q-$rl$s- $t0$u1$v0$w1$x0$y.i13493991$z16-04-04 945 $aLE007 240 HAD 01.01 $cv. 2$g1$i2007000070260$lle007$o-$pE0.00$q-$rl$s- $t0$u1$v0$w1$x0$y.i13494004$z16-04-04 996 $aBuch der Visionen$9299005 997 $aUNISALENTO 998 $ale007$b16-04-04$cm$da $e-$fmul$ggw $h4$i2 LEADER 02638nam 22005895 450 001 9910484349403321 005 20260216123001.0 010 $a1-4471-7496-8 024 7 $a10.1007/978-1-4471-7496-7 035 $a(CKB)4100000011786562 035 $a(DE-He213)978-1-4471-7496-7 035 $a(MiAaPQ)EBC6511373 035 $a(Au-PeEL)EBL6511373 035 $a(OCoLC)1241452454 035 $a(PPN)254724531 035 $a(EXLCZ)994100000011786562 100 $a20210303d2021 u| 0 101 0 $aeng 135 $aurnn#008mamaa 181 $ctxt$2rdacontent 182 $cc$2rdamedia 183 $acr$2rdacarrier 200 10$aCase-Based Clinical Cardiology /$fedited by Majid Maleki, Azin Alizadehasl 205 $a1st ed. 2021. 210 1$aLondon :$cSpringer London :$cImprint: Springer,$d2021. 215 $a1 online resource (XII, 496 p. 409 illus., 283 illus. in color.) 311 08$a1-4471-7495-X 327 $aElectrocardiography Cases -- Echocardiography Cases -- Electrophysiology Cases -- Coronary Artery Disease Cases -- Congenital Heart Disease Cases -- Structural Heart Disease and Interventional Cardiology Cases. 330 $aThis book comprehensively covers a range of pathological cases in clinical cardiology. Chapters are case focused and detail how a patient is diagnosed and treated in a step-by-step format. A range of engaging video clips enhances the reader?s appreciation and understanding of how to apply these techniques into their day-to-day clinical practice with special focus on congenital heart disease diagnosis and management. Case-Based Clinical Cardiology presents a range of clinical scenarios across all cardiology disciplines with a particular focus on echocardiography, electrocardiography and cardiac catheterization. Therefore, it is an ideal resource for both the novice and experienced cardiology practitioner seeking an up-to-date selection of cases to test their knowledge. 606 $aCardiology 606 $aHeart$xSurgery 606 $aCardiology 606 $aCardiac Surgery 606 $aCardiologia$2thub 606 $aEstudi de casos$2thub 608 $aLlibres electrònics$2thub 615 0$aCardiology. 615 0$aHeart$xSurgery. 615 14$aCardiology. 615 24$aCardiac Surgery. 615 7$aCardiologia 615 7$aEstudi de casos 676 $a616.1209 702 $aMaleki$b Majid 702 $aAlizadehasl$b Azin 801 0$bMiAaPQ 801 1$bMiAaPQ 801 2$bMiAaPQ 906 $aBOOK 912 $a9910484349403321 996 $aCase-based clinical cardiology$91889579 997 $aUNINA